000 01572nam0a2200277 4500
001 RU\NLR\bibl\1424748
005 20260407210004.0
035 _a(NLR Aleph) 001416674
090 _a1316487
_c1316487
100 _a20090902d1999 |||y0rusy50 ca
101 0 _arus
102 _aRU
105 _aa |||||||||
200 1 _aНемцы в общественной и культурной жизни Москвы, XVI - начало XX века
_eматериалы Международной научной конференции (15-16 февраля 1999 г.)
_f[отв. ред., д.ист.н. Ю.А. Петров]
210 _aМосква
_cГосударственный Исторический музей
_d1999
215 _a158, [1] с.
_cил., портр., факс.
_d29
320 _aБиблиогр. в подстроч. прим.
606 1 _aНемцы
_jСъезды, совещания и т.п.
_yМосква, город
_92274918
_3RU\NLR\auth\661363344
686 _aТ3(29=Н)я431
702 1 _4340
_8rus
_7ca
_aПетров
_bЮ. А.
_cд-р ист. наук
_f1955-
_gЮрий Александрович
_3RU\NLR\auth\776489
_9116443
711 1 2 _a"Немцы в общественной и культурной жизни Москвы, XVI - начало XX века", международная научная конференция
_f1999
_eМосква
_3RU\NLR\AUTH\8810138484
_9772295
801 0 _aRU
_bNLR
_c20090902
_gRCR
801 1 _aRU
_bNLR
_c20090902
942 _cBOOK
980 _aNB